00333nam a2200133Ia 4500008004100000020001500041041001200056082001600068100001700084245005300101260002500154300000800179650001200187221030s9999 xx 000 0 und d a0070529051 aEnglish a105.23bNea aD. A. Neamen 0aSemiconductor Physics & Devicescby D. A. Neamen bTMHaNew Delhic2002 a746 aPhysics